000 00338nam a2200157Ia 4500
003 Ost
005 20260225132546.0
008 260225s9999||||xx |||||||||||||| ||und||
040 _cfsic
041 _afre
082 _a440
100 _aJ.Arnaud
_eAuteur
245 0 _aHommage à Mohamed Dib /
245 0 _cJ.Arnaud
942 _cكتاب
999 _c33855
_d33855